[Event "Malopolska-ch"]
[Site "Krakow"]
[Date "2025.06.21"]
[Round "5"]
[White "Kumor, Lukasz"]
[Black "Ostolazaga Barragan, Eneko"]
[Result "1-0"]
[WhiteElo "2050"]
[BlackElo "2114"]
[PlyCount "59"]
[EventDate "2025.06.19"]
[EventType "swiss"]
[EventRounds "7"]
[EventCountry "POL"]
[SourceTitle "CB26_2025"]
[SourceDate "2025.06.25"]
[SourceVersion "1"]
[SourceVersionDate "2025.06.25"]
[SourceQuality "1"]

1. e4 e6 2. d4 d5 3. Nd2 c5 4. exd5 Qxd5 5. Ngf3 cxd4 6. Bc4 Qd6 7. 0-0 Nf6 8. Nb3 Nc6 9. Nbxd4 Nxd4 10. Nxd4 Be7 11. Be3 0-0 12. Qf3 Qc7 13. Bd3 Bd7 14. Rad1 Rfe8 15. h3 a6 16. c3 Bd8 17. Bc2 e5 18. Ne2 e4 19. Qg3 Qc4 20. Nc1 Bc7 21. Qh4 Qe6 22. Bf4 Bb6 23. Rd6 Qf5 24. Rxb6 Nd5 25. Rd6 Nxf4 26. Rxd7 g5 27. Qg4 Qg6 28. Bb3 Rf8 29. Ne2 h5 30. Nxf4 1-0

[Event "Malopolska-ch"]
[Site "Krakow"]
[Date "2025.06.20"]
[Round "3"]
[White "Kumor, Lukasz"]
[Black "Golenia, Wojciech"]
[Result "0-1"]
[WhiteElo "2050"]
[BlackElo "2236"]
[PlyCount "162"]
[EventDate "2025.06.19"]
[EventType "swiss"]
[EventRounds "7"]
[EventCountry "POL"]
[SourceTitle "CB26_2025"]
[SourceDate "2025.06.25"]
[SourceVersion "1"]
[SourceVersionDate "2025.06.25"]
[SourceQuality "1"]

1. e4 c5 2. Nf3 Nc6 3. d4 cxd4 4. Nxd4 g6 5. c4 Nf6 6. Nc3 d6 7. Be2 Nxd4 8. Qxd4 Bg7 9. Be3 0-0 10. Qd2 Be6 11. 0-0 Qa5 12. Rac1 Rfc8 13. b3 a6 14. f4 b5 15. f5 Bd7 16. e5 b4 17. exf6 bxc3 18. Qxc3 Qxc3 19. Rxc3 Bxf6 20. Rcc1 Bxf5 21. Bf3 Rab8 22. g4 Bd7 23. h3 Bc6 24. Kg2 a5 25. Bd2 a4 26. b4 a3 27. Rfe1 Bb2 28. Rb1 Kf8 29. Bxc6 Rxc6 30. Re4 Rbc8 31. Bh6+ Ke8 32. Rbe1 e6 33. Bf4 Kd7 34. Rd1 e5 35. Bxe5 Bxe5 36. Rxe5 Rxc4 37. Red5 R8c6 38. R1d3 Rc2+ 39. Kg3 Rxa2 40. Ra5 Rb6 41. Ra7+ Ke6 42. Re3+ Kd5 43. Rxf7 Ra1 44. Ra7 a2 45. Rea3 Rxb4 46. Rxa2 Rb3+ 47. Kg2 Rxa2+ 48. Rxa2 Rb7 49. Rd2+ Ke5 50. Kg3 Rb3+ 51. Kh4 h6 52. Re2+ Kf6 53. Rf2+ Kg7 54. g5 Rb4+ 55. Kg3 hxg5 56. Rd2 Rb6 57. Kg4 Kf6 58. Rd5 Ra6 59. Kg3 Rc6 60. Kg4 Kf7 61. Rd3 Rc4+ 62. Kxg5 Rc5+ 63. Kf4 Ke6 64. h4 Rb5 65. Rg3 Kf6 66. Rd3 Rf5+ 67. Kg4 d5 68. Ra3 Ke5 69. Re3+ Kf6 70. Re8 d4 71. Rd8 Ke5 72. Rd7 Ke4 73. Rd6 d3 74. Re6+ Re5 75. Rd6 Ke3 76. Kg3 d2 77. Rd8 Ke2 78. Kf4 Rf5+ 79. Kg4 d1Q 80. Rxd1 Kxd1 81. h5 Rxh5 0-1

[Event "Malopolska-ch"]
[Site "Krakow"]
[Date "2025.06.19"]
[Round "2"]
[White "Skrzyczek, Tomasz"]
[Black "Kumor, Lukasz"]
[Result "0-1"]
[WhiteElo "1916"]
[BlackElo "2050"]
[PlyCount "38"]
[EventDate "2025.06.19"]
[EventType "swiss"]
[EventRounds "7"]
[EventCountry "POL"]
[SourceTitle "CB26_2025"]
[SourceDate "2025.06.25"]
[SourceVersion "1"]
[SourceVersionDate "2025.06.25"]
[SourceQuality "1"]

1. d4 Nf6 2. c4 c5 3. d5 e6 4. Nc3 exd5 5. cxd5 g6 6. Nf3 d6 7. Bf4 Bg7 8. Qa4+ Bd7 9. Qb3 Qc7 10. e4 0-0 11. Bd3 a6 12. a4 Nh5 13. Bxd6 Qxd6 14. Qxb7 Nc6 15. dxc6 Bxc6 16. e5 Bxe5 17. Ne4 Qxd3 18. Qxc6 Nf4 19. Ng3 Nxg2# 0-1

[Event "Malopolska-ch"]
[Site "Krakow"]
[Date "2024.06.01"]
[Round "6"]
[White "Kumor, Lukasz"]
[Black "Kujawski, Adam"]
[Result "1/2-1/2"]
[WhiteElo "2013"]
[BlackElo "2114"]
[PlyCount "27"]
[EventDate "2024.05.30"]
[EventType "swiss"]
[EventRounds "7"]
[EventCountry "POL"]
[SourceTitle "EXT 2025"]
[Source "ChessBase"]
[SourceDate "2024.10.14"]
[SourceVersion "1"]
[SourceVersionDate "2024.10.14"]
[SourceQuality "1"]

1. e4 c5 2. Nf3 e6 3. d4 cxd4 4. Nxd4 a6 5. Nc3 Qc7 6. Be2 Bb4 7. Qd3 Nf6 8. 0-0 Nc6 9. Nxc6 bxc6 10. f4 d5 11. e5 Nd7 12. Kh1 g6 13. Kg1 Bb7 14. Qg3 1/2-1/2

[Event "Malopolska-ch"]
[Site "Krakow"]
[Date "2023.06.10"]
[Round "5"]
[White "Barwinska, Ewa"]
[Black "Kumor, Lukasz"]
[Result "1/2-1/2"]
[WhiteElo "1953"]
[BlackElo "2052"]
[PlyCount "136"]
[EventDate "2023.06.08"]
[EventType "swiss"]
[EventRounds "7"]
[EventCountry "POL"]
[SourceTitle "CBM 214 Extra"]
[Source "ChessBase"]
[SourceDate "2023.07.31"]
[SourceVersion "1"]
[SourceVersionDate "2023.07.31"]
[SourceQuality "1"]

1. e4 e6 2. d4 d5 3. Nc3 Nf6 4. Bg5 Be7 5. e5 Nfd7 6. Bxe7 Qxe7 7. f4 a6 8. Qg4 0-0 9. Nf3 c5 10. Bd3 cxd4 11. Bxh7+ Kxh7 12. Ng5+ Kg8 13. Qh5 Qxg5 14. Qxg5 dxc3 15. 0-0 cxb2 16. Rab1 Nc6 17. Rf3 f6 18. Qg4 Nd4 19. Rd3 fxe5 20. fxe5 Nf5 21. Qf4 b5 22. Rxb2 Bb7 23. g4 Nh4 24. Qg5 Nf3+ 25. Rxf3 Rxf3 26. Qe7 Rf7 27. Qxe6 Nc5 28. Qd6 Ne4 29. Qb6 Re8 30. e6 Rfe7 31. Rb3 Bc8 32. Qc6 Bxe6 33. Re3 Rc8 34. Qxa6 Bxg4 35. Qxb5 Nc3 36. Qd3 Rxe3 37. Qxe3 d4 38. Qg5 Bh3 39. Qh5 Be6 40. a3 Bd5 41. h4 Bf7 42. Qg4 Ra8 43. Kh2 Rxa3 44. Qxd4 Nd5 45. c4 Ne3 46. Qd8+ Kh7 47. c5 Ng4+ 48. Kg2 Bd5+ 49. Kf1 Rc3 50. Qg5 Nf6 51. Qf5+ Kg8 52. Qc8+ Kf7 53. Qc7+ Kg6 54. Qd6 Kf5 55. Qf8 g6 56. Ke1 Rc4 57. Qh6 Ne4 58. h5 gxh5 59. Qxh5+ Ng5 60. Qh8 Be4 61. Qc8+ Ne6 62. Qh8 Rxc5 63. Qh7+ Ke5 64. Qh8+ Kd5 65. Qa8+ Kd4 66. Qh8+ Ke3 67. Qh3+ Kd4 68. Qxe6 Rc2 1/2-1/2

[Event "Malopolska-ch"]
[Site "Krakow"]
[Date "2023.06.08"]
[Round "1"]
[White "Kumor, Lukasz"]
[Black "Golubka, Petr"]
[Result "0-1"]
[WhiteElo "2052"]
[BlackElo "2373"]
[PlyCount "62"]
[EventDate "2023.06.08"]
[EventType "swiss"]
[EventRounds "7"]
[EventCountry "POL"]
[SourceTitle "CBM 214 Extra"]
[Source "ChessBase"]
[SourceDate "2023.07.31"]
[SourceVersion "1"]
[SourceVersionDate "2023.07.31"]
[SourceQuality "1"]

1. e4 c6 2. d4 d5 3. Nc3 a6 4. Nf3 Bg4 5. e5 e6 6. Be3 c5 7. dxc5 Nc6 8. h3 Bxf3 9. Qxf3 Nxe5 10. Qg3 Nc6 11. 0-0-0 Nf6 12. Kb1 Qa5 13. f4 g6 14. Qf2 Nd7 15. g4 0-0-0 16. f5 Bxc5 17. fxe6 fxe6 18. Bg2 Rhf8 19. Qe2 Bxe3 20. Qxe3 d4 21. Rxd4 Nxd4 22. Qxd4 Qb6 23. Qe4 Rf2 24. Na4 Qc7 25. Rd1 Nc5 26. Rxd8+ Qxd8 27. Qe1 Nxa4 28. Qxe6+ Kc7 29. Qe5+ Qd6 30. Qg7+ Kd8 31. Qg8+ Rf8 0-1

[Event "Malopolska-ch"]
[Site "Krakow"]
[Date "2022.06.17"]
[Round "3"]
[White "Kulesza, Andrzej"]
[Black "Kumor, Lukasz"]
[Result "1-0"]
[WhiteElo "2024"]
[BlackElo "2079"]
[PlyCount "129"]
[EventDate "2022.06.16"]
[EventType "swiss"]
[EventRounds "7"]
[EventCountry "POL"]
[SourceTitle "CBM 208 Extra"]
[Source "ChessBase"]
[SourceDate "2022.07.31"]
[SourceVersion "1"]
[SourceVersionDate "2022.07.31"]
[SourceQuality "1"]

1. e4 c5 2. Nf3 Nc6 3. d4 cxd4 4. Nxd4 Nf6 5. Nc3 e5 6. Ndb5 d6 7. Bg5 a6 8. Na3 b5 9. Bxf6 gxf6 10. Nd5 f5 11. Bd3 Be6 12. 0-0 Bg7 13. c4 bxc4 14. Nxc4 0-0 15. Ndb6 Rb8 16. Qh5 f4 17. Nd5 f5 18. Rad1 Nd4 19. Nc3 Rf6 20. exf5 Rh6 21. Qxh6 Bxh6 22. fxe6 f3 23. g3 Qe7 24. Rfe1 Qxe6 25. b3 Bg7 26. Nxe5 Ne2+ 27. Nxe2 Qxe5 28. Bc4+ Kh8 29. Nd4 Qh5 30. Re3 Bxd4 31. Rxd4 Re8 32. Rxe8+ Qxe8 33. Rxd6 Qe1+ 34. Bf1 a5 35. Rf6 Qe4 36. h4 Kg7 37. Rf4 Qd5 38. Ra4 Kg6 39. a3 Qxb3 40. Rxa5 Kf6 41. a4 Ke6 42. Ra7 h5 43. a5 Kd6 44. a6 Qb8 45. Rf7 Qa8 46. Rf5 Qe4 47. Rxh5 Kc7 48. Rc5+ Kb6 49. Rc4 Qd5 50. Rf4 Ka7 51. Rg4 Kb8 52. Rg5 Qe4 53. h5 Qh7 54. Kh2 Qc2 55. Rb5+ Ka7 56. Kg1 Qc6 57. Rf5 Qe4 58. Rf7+ Kb8 59. h6 Qg6 60. h7 Qh6 61. Re7 Qh5 62. Bb5 Qh3 63. h8Q+ Qxh8 64. Re8+ Qxe8 65. Bxe8 1-0

[Event "Malopolska-ch"]
[Site "Krakow"]
[Date "2022.06.17"]
[Round "4"]
[White "Kumor, Lukasz"]
[Black "Van de Lisdonk, Lucien"]
[Result "0-1"]
[WhiteElo "2079"]
[BlackElo "2053"]
[PlyCount "104"]
[EventDate "2022.06.16"]
[EventType "swiss"]
[EventRounds "7"]
[EventCountry "POL"]
[SourceTitle "CBM 208 Extra"]
[Source "ChessBase"]
[SourceDate "2022.07.31"]
[SourceVersion "1"]
[SourceVersionDate "2022.07.31"]
[SourceQuality "1"]

1. e4 c6 2. d4 Na6 3. Nf3 g6 4. Nc3 Nc7 5. h4 h5 6. Bg5 Bg7 7. Qd2 d6 8. 0-0-0 Bg4 9. Re1 Qd7 10. d5 0-0-0 11. dxc6 Qxc6 12. Nd4 Qb6 13. Be3 Qa5 14. Bc4 Be6 15. Qd3 d5 16. Nb3 Qb4 17. Nxd5 Bxd5 18. Bxd5 Nf6 19. Bd2 Qb6 20. Ba5 Qxf2 21. Ref1 Qxg2 22. Qc4 Nfxd5 23. exd5 b6 24. Bd2 Qxd5 25. Qxd5 Rxd5 26. Rxf7 Bf6 27. Bb4 Rf5 28. Kb1 Kd7 29. Re1 Nd5 30. Ba3 Ke8 31. Rxf6 Rxf6 32. c4 Nc7 33. Rxe7+ Kd8 34. Rg7 Re8 35. Kc2 Kc8 36. Nd4 Re4 37. Kd3 Rxh4 38. Be7 Rh3+ 39. Ke2 Rf4 40. Nb5 Nxb5 41. cxb5 Rc4 42. Bf6 Rc2+ 43. Kd1 Rf2 44. Bc3 Rh1+ 45. Be1 Rff1 46. Re7 Rxe1+ 47. Rxe1 Rxe1+ 48. Kxe1 Kd7 49. b4 Kd6 50. a4 Kd5 51. a5 Kc4 52. axb6 axb6 0-1

[Event "Krakow op-B 32nd"]
[Site "Krakow"]
[Date "2022.01.02"]
[Round "6"]
[White "Kumor, Lukasz"]
[Black "Gorkiewicz, Mateusz"]
[Result "1/2-1/2"]
[WhiteElo "2075"]
[BlackElo "2028"]
[PlyCount "79"]
[EventDate "2021.12.27"]
[EventType "swiss"]
[EventRounds "9"]
[EventCountry "POL"]
[SourceTitle "EXT 2023"]
[Source "ChessBase"]
[SourceDate "2022.10.05"]
[SourceVersion "1"]
[SourceVersionDate "2022.10.05"]
[SourceQuality "1"]

1. e4 e5 2. Nf3 Nc6 3. d4 exd4 4. Nxd4 Bc5 5. Nb3 Bb6 6. Nc3 Nf6 7. Bg5 d6 8. Qe2 h6 9. Bh4 g5 10. Bg3 Qe7 11. h4 Rg8 12. 0-0-0 Be6 13. f3 0-0-0 14. Na4 g4 15. Nxb6+ axb6 16. Bf2 Nh5 17. Qd2 Qf8 18. Be3 Rg6 19. Bb5 gxf3 20. gxf3 Ng3 21. Rh2 Ne5 22. Qf2 Nh5 23. Be2 Nc4 24. Nd4 Nxe3 25. Qxe3 Rg3 26. Qa3 c6 27. Nxc6 bxc6 28. Qa7 b5 29. a4 Nf4 30. axb5 Nxe2+ 31. Rxe2 cxb5 32. Re3 b4 33. e5 d5 34. Rdd3 Rg1+ 35. Kd2 d4 36. Qa8+ Kc7 37. Qa5+ Kc6 38. Qa6+ Kc7 39. Qa7+ Kc6 40. Qa6+ 1/2-1/2

[Event "Rubinstein Memorial op-A 57th"]
[Site "Polanica Zdroj"]
[Date "2021.08.21"]
[Round "8"]
[White "Marczuk, Dominik"]
[Black "Kumor, Lukasz"]
[Result "1-0"]
[WhiteElo "2292"]
[BlackElo "2066"]
[PlyCount "79"]
[EventDate "2021.08.14"]
[EventType "swiss"]
[EventRounds "9"]
[EventCountry "POL"]
[SourceTitle "CBM 203 Extra"]
[Source "ChessBase"]
[SourceDate "2021.09.30"]
[SourceVersion "1"]
[SourceVersionDate "2021.09.30"]
[SourceQuality "1"]

1. c4 e5 2. Nc3 Nf6 3. g3 Nc6 4. Bg2 Bc5 5. e3 0-0 6. Nge2 d6 7. 0-0 Bf5 8. d4 exd4 9. exd4 Bb6 10. Bg5 h6 11. Bxf6 Qxf6 12. Nd5 Qd8 13. b4 a6 14. c5 dxc5 15. dxc5 Ba7 16. Re1 Qd7 17. Qb3 Rad8 18. Qc3 Rfe8 19. Nef4 f6 20. Nh5 Rxe1+ 21. Rxe1 Qf7 22. Ndxf6+ gxf6 23. Nxf6+ Kf8 24. Bxc6 bxc6 25. Qe5 Bc2 26. Ng4 Rd1 27. Qh8+ Qg8 28. Qxh6+ Qg7 29. Qxg7+ Kxg7 30. Rxd1 Bxd1 31. Ne5 Ba4 32. f4 Kf6 33. g4 Ke6 34. h4 a5 35. a3 Kd5 36. h5 Bc2 37. h6 axb4 38. axb4 Be4 39. f5 Kxe5 40. h7 1-0

[Event "Krakow Malopolska-ch"]
[Site "Krakow"]
[Date "2021.06.03"]
[Round "2"]
[White "Kumor, Lukasz"]
[Black "Mikrut, Dariusz"]
[Result "0-1"]
[WhiteElo "2029"]
[BlackElo "2374"]
[PlyCount "124"]
[EventDate "2021.06.03"]
[EventType "swiss"]
[EventRounds "7"]
[EventCountry "POL"]
[SourceTitle "CBM 202 Extra"]
[Source "ChessBase"]
[SourceDate "2021.07.31"]
[SourceVersion "1"]
[SourceVersionDate "2021.07.31"]
[SourceQuality "1"]

1. e4 e5 2. Nf3 Nc6 3. d4 exd4 4. Nxd4 Nf6 5. Nc3 Bb4 6. Nxc6 bxc6 7. Bd3 d5 8. exd5 cxd5 9. 0-0 0-0 10. Bg5 c6 11. Qf3 Be7 12. Rfe1 Rb8 13. Rab1 Be6 14. Ne2 h6 15. Bf4 Bd6 16. Nd4 Bxf4 17. Qxf4 Qd7 18. c3 c5 19. Nf5 Bxf5 20. Qxf5 Qc7 21. Re3 Rfe8 22. Rxe8+ Rxe8 23. g3 c4 24. Bf1 Qb6 25. Qc2 Qa5 26. b3 cxb3 27. axb3 Rc8 28. c4 Qb6 29. Qf5 Rd8 30. cxd5 Rxd5 31. Qc8+ Rd8 32. Qc2 Qd4 33. Re1 g6 34. Bc4 Kg7 35. Re7 Rd7 36. Qe2 Kf8 37. Rxd7 Nxd7 38. Qf3 Ne5 39. Qf6 h5 40. Kf1 Qe4 41. Qh8+ Ke7 42. Qc8 Qh1+ 43. Ke2 Qe4+ 44. Kf1 Qd4 45. Qc7+ Kf8 46. Kg2 Kg7 47. f4 Qe4+ 48. Kg1 Qe3+ 49. Kg2 Qe4+ 50. Kg1 Nxc4 51. bxc4 Qe1+ 52. Kg2 a5 53. c5 Qe2+ 54. Kg1 a4 55. Qa5 Qe3+ 56. Kg2 Qe2+ 57. Kh3 Qf1+ 58. Kh4 Qf3 59. h3 Qe4 60. Qc3+ f6 61. c6 g5+ 62. Kxh5 Qe2+ 0-1

[Event "Krakow op-B 29th"]
[Site "Krakow"]
[Date "2019.01.03"]
[Round "8"]
[White "Koloczek, Maciej"]
[Black "Kumor, Lukasz"]
[Result "1/2-1/2"]
[WhiteElo "1852"]
[BlackElo "2040"]
[PlyCount "106"]
[EventDate "2018.12.27"]
[EventType "swiss"]
[EventRounds "9"]
[EventCountry "POL"]
[SourceTitle "CBM 189 Extra"]
[Source "ChessBase"]
[SourceDate "2019.05.31"]
[SourceVersion "1"]
[SourceVersionDate "2019.05.31"]
[SourceQuality "1"]

1. e4 e6 2. d4 d5 3. Nd2 Nc6 4. Ngf3 Nf6 5. e5 Nd7 6. Nb3 Be7 7. Bb5 a6 8. Bd3 Nb4 9. h4 c5 10. dxc5 Qc7 11. Qe2 a5 12. a4 Nxd3+ 13. cxd3 b6 14. c6 Nc5 15. Nbd4 Ba6 16. Nb5 Qxc6 17. Nfd4 Qd7 18. b3 f6 19. Bf4 0-0 20. g3 Qe8 21. Rd1 Rc8 22. 0-0 Bxb5 23. axb5 f5 24. Bd2 Qg6 25. h5 Qf7 26. b4 axb4 27. Bxb4 Nb3 28. Nxb3 Bxb4 29. Nd4 Bc5 30. Nc6 f4 31. Qg4 fxg3 32. Qxg3 Qxh5 33. d4 Rf3 34. dxc5 Rxg3+ 35. fxg3 Qg5 36. cxb6 Qxg3+ 37. Kh1 Qh3+ 38. Kg1 Qe3+ 39. Kh1 Qe4+ 40. Kg1 Qg4+ 41. Kh1 Qe4+ 42. Kg1 Qe3+ 43. Kh1 Re8 44. b7 Qb6 45. b8Q Rxb8 46. Nxb8 Qxb5 47. Rb1 Qa4 48. Nd7 h5 49. Rb8+ Kh7 50. Nf8+ Kh6 51. Rfb1 Qe4+ 52. Kg1 Qg4+ 53. Kh1 Qh3+ 1/2-1/2

[Event "Krakow op-B 29th"]
[Site "Krakow"]
[Date "2018.12.31"]
[Round "6"]
[White "Patsia, Zviad"]
[Black "Kumor, Lukasz"]
[Result "1-0"]
[WhiteElo "2058"]
[BlackElo "2040"]
[PlyCount "149"]
[EventDate "2018.12.27"]
[EventType "swiss"]
[EventRounds "9"]
[EventCountry "POL"]
[SourceTitle "CBM 189 Extra"]
[Source "ChessBase"]
[SourceDate "2019.05.31"]
[SourceVersion "1"]
[SourceVersionDate "2019.05.31"]
[SourceQuality "1"]

1. c4 e5 2. Nc3 Nf6 3. g3 Nc6 4. Bg2 Bc5 5. e3 0-0 6. Nge2 d6 7. 0-0 Bf5 8. d4 exd4 9. Nxd4 Bd7 10. Nb3 Bb6 11. Nd5 Nxd5 12. cxd5 Ne5 13. a4 a5 14. h3 Re8 15. Kh2 Qf6 16. e4 Qg6 17. Bf4 f5 18. Bxe5 Rxe5 19. Nd2 Bc5 20. exf5 Qxf5 21. Nf3 Re7 22. h4 Rae8 23. Nd4 Qf6 24. Ne6 Bxe6 25. dxe6 c6 26. Bh3 Qxb2 27. Rb1 Qe5 28. f4 Qf6 29. f5 Qd4 30. Qxd4 Bxd4 31. g4 Be5+ 32. Kg2 h6 33. g5 Rf8 34. gxh6 gxh6 35. Rg1 Kh7 36. Kf3 Rg8 37. h5 Bf6 38. Rg6 Rxg6 39. fxg6+ Kg7 40. Ke4 d5+ 41. Kf5 Bc3 42. Rb3 Bd4 43. Rb1 Kf8 44. Bf1 Rc7 45. Bh3 Bg7 46. Kf4 Ke7 47. Ke3 Kd6 48. Kd3 Re7 49. Bg4 Kc5 50. Bh3 b5 51. axb5 cxb5 52. Rc1+ Kb4 53. Rc6 a4 54. Bg2 a3 55. Bxd5 Ra7 56. Ba2 Be5 57. Rc8 Ka4 58. Ke4 Bf6 59. Rf8 Bg7 60. Rd8 Bf6 61. Rd7 Ra8 62. e7 b4 63. Rd8 Rxd8 64. exd8Q Bxd8 65. g7 b3 66. Bxb3+ Kxb3 67. g8Q+ Kb2 68. Qxd8 a2 69. Qd4+ Kb1 70. Kf5 a1Q 71. Qxa1+ Kxa1 72. Kg6 Kb2 73. Kxh6 Kc3 74. Kg6 Kd4 75. h6 1-0

[Event "Krakow op-B 29th"]
[Site "Krakow"]
[Date "2018.12.30"]
[Round "5"]
[White "Kumor, Lukasz"]
[Black "Adamczewski, Maciej"]
[Result "1-0"]
[WhiteElo "2040"]
[BlackElo "2080"]
[PlyCount "79"]
[EventDate "2018.12.27"]
[EventType "swiss"]
[EventRounds "9"]
[EventCountry "POL"]
[SourceTitle "CBM 189 Extra"]
[Source "ChessBase"]
[SourceDate "2019.05.31"]
[SourceVersion "1"]
[SourceVersionDate "2019.05.31"]
[SourceQuality "1"]

1. e4 e6 2. d4 d5 3. Nc3 Nf6 4. Bg5 Be7 5. e5 Nfd7 6. h4 h6 7. Be3 c5 8. Qg4 Kf8 9. dxc5 Nxe5 10. Qg3 Nbd7 11. 0-0-0 Nc6 12. f4 Bf6 13. Nge2 Qa5 14. Qf2 b5 15. cxb6 Nxb6 16. Nd4 Nxd4 17. Bxd4 Nd7 18. Bb5 Bxd4 19. Qxd4 Nf6 20. g4 a6 21. g5 Ng8 22. Nxd5 exd5 23. Qxd5 axb5 24. Qd6+ Ke8 25. Qc6+ Kf8 26. Qd6+ Ke8 27. Rhe1+ Be6 28. f5 Rd8 29. Qc6+ Kf8 30. fxe6 Ne7 31. Qf3 Kg8 32. Qxf7+ Kh7 33. Qxe7 Rhe8 34. g6+ Kh8 35. Qa3 Rxd1+ 36. Rxd1 Qc7 37. Qd6 Qc4 38. Qd7 Rg8 39. e7 Qe4 40. h5 1-0

[Event "Krakow op-B 28th"]
[Site "Krakow"]
[Date "2017.12.31"]
[Round "6"]
[White "Kumor, Lukasz"]
[Black "Barchuk, Irina"]
[Result "0-1"]
[WhiteElo "2046"]
[BlackElo "2014"]
[PlyCount "133"]
[EventDate "2017.12.27"]
[EventType "swiss"]
[EventRounds "9"]
[EventCountry "POL"]
[SourceTitle "CBM 182 Extra"]
[Source "ChessBase"]
[SourceDate "2018.02.23"]
[SourceVersion "1"]
[SourceVersionDate "2018.02.23"]
[SourceQuality "1"]

1. e4 c5 2. Nf3 Nc6 3. d4 cxd4 4. Nxd4 g6 5. c4 Bg7 6. Be3 Nf6 7. Nc3 Ng4 8. Qxg4 Nxd4 9. Qd1 Ne6 10. Qd2 Qa5 11. Rc1 b6 12. Bd3 Bb7 13. 0-0 f5 14. exf5 gxf5 15. Nd5 Qxd2 16. Bxd2 Bxb2 17. Rb1 Bd4 18. Bxf5 Rc8 19. Bd3 Nc5 20. Be2 Ne4 21. Bb4 Bxd5 22. cxd5 0-0 23. Bf3 Ng5 24. Bg4 Rc2 25. Bxe7 Rfxf2 26. Rxf2 Rxf2 27. Kh1 Ne4 28. Bxd7 Kf7 29. Bh4 Rxa2 30. Be6+ Kg6 31. h3 Nc5 32. Re1 Ra1 33. Kh2 Rxe1 34. Bxe1 Nxe6 35. dxe6 Kf6 36. Kg3 a5 37. Kf4 Kxe6 38. Ke4 Bb2 39. Kd3 Kd5 40. Kc2 Bd4 41. Kb3 Ke4 42. Ka4 Bf6 43. Bd2 Bd8 44. Kb5 Kd3 45. Bf4 Ke2 46. Bd6 Kf2 47. g3 Kg2 48. h4 Kf3 49. Bb8 Ke4 50. Bd6 Kd5 51. Bf4 Kd4 52. Bd6 Kd5 53. Bf4 Ke6 54. Bb8 Kd7 55. g4 Bxh4 56. Kxb6 a4 57. Be5 Ke6 58. Bb2 Bf6 59. Bc1 Be7 60. Kb5 a3 61. Bxa3 Bxa3 62. Kc4 Ke5 63. Kd3 Kf4 64. Ke2 Kg3 65. Kf1 Bc5 66. g5 Be3 67. Ke2 0-1